000 00298nam a2200097Ia 4500
008 220204s9999 xx 000 0 und d
082 _a331:631.96(047)
_bIND
245 0 _aConclusions of the industrial committee on plantations 1947-1961
260 _aDelhi
_bManager of Publications
_c1967
942 _cBK
999 _c22019
_d22019